| 000 | 01215nam a22002777a 4500 | ||
|---|---|---|---|
| 999 |
_c158233 _d158233 |
||
| 003 | dpl | ||
| 005 | 20181022172001.0 | ||
| 008 | 181022b ||||| |||| 00| 0 eng d | ||
| 010 | _aA-769326 | ||
| 020 | _c100.00 | ||
| 035 | _aA-769326 | ||
| 037 | _bBPPD/PUB | ||
| 040 |
_aDPL _bHN _c0 |
||
| 082 |
_a808.883 _b मिश्रक |
||
| 100 |
_a मिश्र, कन्हैयालाल प्रभाकर _974583 |
||
| 245 |
_aक्षण बोले कण मुसकाये/ _c कन्हैयालाल मिश्र प्रभाकर |
||
| 246 |
_aKshana bole kana muskaye/ _b by Kanheyyalal Mishr Prabhakar |
||
| 260 |
_a नई दिल्ली, _b भारतीय ज्ञानपीठ _c1995 |
||
| 270 |
_a इंस्टीट्यूटनल एरिया लोदी रोड _b नई दिल्ली, _e110032 |
||
| 300 |
_a239पृष्ठ. _c17सेमी(सजिल्द) |
||
| 650 |
_a हिंदी साहित्य _9117399 |
||
| 650 |
_aहिंदी कविता _9117400 |
||
| 650 |
_aHindi Literature _9117401 |
||
| 650 |
_aHindi Poetry _9117402 |
||
| 942 |
_2ddc _cHN _h808.883 _m मिश्रक |
||